01009nam a22002057a 4500020001800000040000900018082001500027100003300042110005700075245007400132250001600206260004200222650009400264942001400358999001900372952010300391952010300494952010300597952010300700 a9788131710265 cNUST a004.16 MAZ aMazidi, Muhammad Ali 918480 aMazidi, Janice Gillispie McKinlay, Rolin D. 9112892 aThe 8051 Microcontroller and Embedded Systems: bUsing Assembly and C a2nd Edition aNew Dehli:bPearson Education,c2013. aTEXTBOOKS MTS. THE 8051 MICROCONTROLLER AND EMBEDDED SYSTEMS USING ASSEMBLY AND C9113104 2ddccTEXT c594886d594886 00102ddc4070aCEMEbCEMEcTEXTd2023-05-31o004.16 MAZpCEME-48726r2023-05-31w2023-05-31yREF 00102ddc4070aCEMEbCEMEcTEXTd2023-05-31o004.16 MAZpCEME-48727r2023-05-31w2023-05-31yREF 00102ddc4070aCEMEbCEMEcTEXTd2023-05-31o004.16 MAZpCEME-48728r2023-05-31w2023-05-31yREF 00102ddc4070aCEMEbCEMEcTEXTd2023-05-31o004.16 MAZpCEME-48729r2023-05-31w2023-05-31yREF